Sukarno tiểu sử chính trị
محفوظ في:
| المؤلف الرئيسي: | |
|---|---|
| مؤلفون آخرون: | , , , |
| التنسيق: | كتاب |
| منشور في: |
Tp. Hồ Chí Minh
Đại học Sp Tp. Hồ Chí Minh
2004
|
| الموضوعات: | |
| الوسوم: |
إضافة وسم
لا توجد وسوم, كن أول من يضع وسما على هذه التسجيلة!
|
| Thư viện lưu trữ: | Trung tâm Học liệu Lê Vũ Hùng, Trường Đại học Đồng Tháp |
|---|
| LEADER | 00942pam a22002778a 4500 | ||
|---|---|---|---|
| 001 | 00041179 | ||
| 005 | 20180404130400.0 | ||
| 008 | 110608s1997 ||||||Viesd | ||
| 020 | # | # | |c 6500 |
| 041 | 0 | # | |a Vie |
| 082 | 1 | 4 | |a 320.092 |b S103T |
| 100 | 0 | # | |a Vũ, Anh Tuấn |
| 245 | 0 | 0 | |c M.S.Kapitsa; H.P. Maletin ;Lê Phụng Hoàng...[và những người khác] |a Sukarno tiểu sử chính trị |
| 260 | # | # | |a Tp. Hồ Chí Minh |b Đại học Sp Tp. Hồ Chí Minh |c 2004 |
| 300 | # | # | |c 21 cm. |a 324 tr |
| 653 | # | # | |a Chính trị |
| 653 | # | # | |a Nhân vật |
| 653 | # | # | |a Tư tưởng |
| 653 | # | # | |a Tiểu sử |
| 700 | 1 | # | |a H.P. Maletin |e Dịch |
| 700 | 1 | # | |a Lê Phụng Hoàng |e Dịch |
| 700 | 1 | # | |a M.S.Kapitsa |
| 700 | 1 | # | |a Nguyễn Thị Thư |e Hiệu đính |
| 852 | # | # | |j KD.0022808 |
| 910 | |d 04/04/2018 | ||
| 980 | # | # | |a Trung tâm Học liệu Lê Vũ Hùng, Trường Đại học Đồng Tháp |